000 01164nam a22002657a 4500
005 20170124102926.0
010 _aA-894616
020 _c150.00
035 _aA-894616
037 _bCen Lib/Ret
040 _aDPL
_bHN
082 _a020
_bसनाढ्य
100 _aसनाढ्य, हिम्मतलाल
_96449
245 _aपुस्तकालय नियम /
_cहिम्मतलाल सनाढ्य [और] सुलेमान टाक
246 _aPustakalaya niyam /
_bby Himmatlal Snadhya [and] Suleman Taak
260 _aजयपुर
_bसाहित्यागार
_c1997
270 _aधामानी मार्किट की गली, चौड़ा रास्ता
_bजयपुर
300 _a167पृ.
_c19सेमी(सजिल्द)
650 _aपुस्तकालय विज्ञान
_943758
650 _aव्यवस्था प्रबंध
_91483
650 _alibrary science
_943759
650 _aSystem Management
_943760
700 _aटाक, सुलेमान
_943761
942 _2ddc
_cHN
_h020
_mसनाढ्य
999 _c111616
_d111616